IFM Opac

Technical Communication Strategies for Today (Record no. 22202)

MARC details
000 -LEADER
fixed length control field 00323nam a22001337a 4500
020 ## - INTERNATIONAL STANDARD BOOK NUMBER
ISBN 978-1-292-08040-6
082 ## - DEWEY DECIMAL CLASSIFICATION NUMBER
Classification number 808.066
100 ## - MAIN ENTRY--AUTHOR NAME
Personal name Sheehan, Richard J.
245 ## - TITLE STATEMENT
Title Technical Communication Strategies for Today
250 ## - EDITION STATEMENT
Edition statement 2nd
260 ## - PUBLICATION, DISTRIBUTION, ETC. (IMPRINT)
Place of publication Harlow:
Name of publisher Pearson,
Year of publication 2015
300 ## - PHYSICAL DESCRIPTION
Number of Pages 527p.: ill.; 23cm
942 ## - ADDED ENTRY ELEMENTS (KOHA)
Koha item type Books
Holdings
Withdrawn status Lost status Damaged status Not for loan Collection code Permanent Location Current Location Shelving location Date acquired Source of acquisition Full call number Accession Number Price effective from Koha item type
        Non-fiction IFM Main Campus Library IFM Main Campus Library Work Room processing 01/22/2026 Purchased 808.066 SHE 0000030961 01/22/2026 Books